NEHRU. (Record no. 1172853)

MARC details
000 -LEADER
fixed length control field 00205nam a2200097Ia 4500
008 - FIXED-LENGTH DATA ELEMENTS--GENERAL INFORMATION
fixed length control field 230724s1999 xx und d
041 ## - LANGUAGE CODE
Language code of text/sound track or separate title eng
100 ## - MAIN ENTRY--PERSONAL NAME
Personal name PANDEY B. N.
245 ## - TITLE STATEMENT
Title NEHRU.
260 ## - PUBLICATION, DISTRIBUTION, ETC.
Date of publication, distribution, etc. 1999
Holdings
Withdrawn status Lost status Damaged status Not for loan Home library Current library Date acquired Source of acquisition Cost, normal purchase price Total Checkouts Barcode Date last seen Date last checked out Price effective from Koha item type
        College of Architecture, Pune College of Architecture, Pune 23/07/2024 NULL 195.00 1 ARP-BARCH-1702 10/06/2026 18/02/2026 23/07/2024 Book